Pasantías 2008: modelando la investigación científica escolar

Saved in:
Bibliographic Details
Corporate Author: Universidad de Concepción (Author)
Format: Book
Language:Spanish
Published: Concepción Universidad de Concepción 2008
Concepción Explora 2008
Concepción CONICYT 2008
Edition:1a. ed
Series:Publicación Científica Escolar
Subjects:
Tags: Add Tag
No Tags, Be the first to tag this record!

MARC

LEADER 00000nam a2200000 a 4500
001 UCH9425
003 CL-VaPUC
008 100107e20080000cl |||||||||||||||||spa|d
082 0 4 |a 500  |b UNI  |2 21 
110 2 |a Universidad de Concepción  |e author  |9 546485 
245 1 0 |a Pasantías 2008: modelando la investigación científica escolar 
250 |a 1a. ed 
300 |a 107 p 
942 |c BK 
945 |d 20100107 00:00:00  |a cmena 
260 |a Concepción  |b Universidad de Concepción  |c 2008 
260 |a Concepción  |b Explora  |c 2008 
260 |a Concepción  |b CONICYT  |c 2008 
650 0 |a Investigación científica  |9 259857 
650 0 |a Proyectos de investigación   |9 259727 
650 0 |a Educación básica   |9 224933 
650 7 |a PASANTIAS  |2 CL-VaPUC  |9 546486 
583 |a last modification  |c 20171220 02:36:07  |k Rodrigo Vera 
490 0 |a Publicación Científica Escolar 
999 |c 339394  |d 339392 
952 |0 0  |1 0  |4 0  |6 500_000000000000000_UNI_2008_2008_2008  |7 0  |8 C  |9 433041  |a BIBCUR  |b BIBCUR  |d 2019-11-22  |i 4627865  |o 500 UNI 2008 2008 2008  |p 4627865  |r 2025-04-22  |w 2019-11-22  |y BK  |k EXP